000 00896nam a22002657a 4500
001 7600
003 FISKH
005 20250725145737.0
008 250725b cb ||||| |||| 00| 0 eng d
020 _a9781876411879
040 _aFISKH
_beng
_cFISKH
_dFISKH
050 _aPZ7
082 _a513.5
100 _aGibbs, May
245 _aSnugglepot and cuddlepie 123 /
_ccoloured reproductions and adaptations f original illustrations by May Gibbs
260 _aSdyney :
_bMurray David Publishing,
_c2008.
300 _a14 unnumbered pages : color illustrations ;
_c14 cm
505 _aaa
520 _aThis beautifully illustrated counting book encourages your toddler to learn to count to ten with May Gibbs' Gumnut Babies.
521 8 _a40
_bexile estimate
521 8 _aaa
_bRaz-Plus
650 _aBoard Book
_vChildren
_xPaperback
942 _2ddc
_cBK
_n0
999 _c7600
_d7600